Termine le titre de la série - Statistiques

Statistiques générales
  • Ce quiz a été pris 117 fois
  • Le résultat moyen est 16 sur 20
Statistiques - réponses
Hint Réponse % Correct
The Walking _ Dead
100%
Gossip _ Girl
99%
Squid _ Game
98%
Emily in _ Paris
98%
Stranger _ things
98%
Breaking _ Bad
97%
La petite maison dans la _ prairie
97%
Game of _ Thrones
97%
The Big Bang _ Theory
96%
How I met your _ mother
91%
_ contre les vampires Buffy
87%
Les frères _ Scott
86%
Desperate _ Housewives
85%
The _ Diaires Vampire
85%
The Umbrella _ Academy
83%
Pretty Little _ Liars
80%
XO, _ Kitty
39%
Beverly Hills _ 90210
30%
Shadow and _ Bone
27%
Julie and the _ Phantoms
17%
Aucun quiz correspondant
Distribution des résultats
% des personnes avec chaque résultat
Percentile par nombre de réponses
Votre historique - résultats
Vous n’avez pas pris ce quiz